Estatísticas para Adivinhe todas as colônias Britânicas!

Clique aqui para jogar o quiz

Estatísticas Gerais

  • Esse quiz foi jogado 82 vezes
  • A pontuação média é 40 de 88

Estatísticas das Respostas

HintResposta% Correto
AAustralia
91%
ASÁfrica do Sul
86%
EUEstados Unidos
86%
NZNova Zelandia
86%
IIndia
83%
CCanada
80%
ZZambia
72%
BBarbados
68%
GGuiana
68%
JJamaica
68%
BBelize
66%
NNigéria
66%
EAUEmirados Arabes Unidos
65%
BBahamas
63%
FFiji
63%
IIrlanda
63%
PPaquistao
62%
VVanuatu
62%
QQuênia
60%
SLSanta Lucia
60%
SSudao
60%
TTuvalu
60%
ABAntigua e Barbuda
58%
GGranada
58%
KKiribati
58%
LLesoto
58%
SVSao Vicente
58%
KKuwait
57%
SSomalia
57%
TTanzânia
57%
MMalasia
55%
NNauru
55%
SCNSao Cristovao e Nevis
55%
DDominica
54%
IIemen
54%
ISIlhas Salomao
54%
SSSudao do Sul
54%
BBotsuana
52%
CCatar
51%
IIraque
51%
MMaldivas
51%
NNamíbia
51%
PNGPapua-Nova Guine
51%
EEssuatíni
49%
JJordânia
49%
LLibia
49%
TTonga
49%
UUganda
49%
BBangladesh
48%
CCamaroes
48%
GGana
48%
IIsrael
46%
MMalawi
46%
MMalta
45%
SLSri Lanka
45%
CChipre
43%
MMaurícia
43%
SSingapura
43%
BBrunei
42%
MMyanmar
40%
SLSerra Leoa
40%
HKHong Kong
38%
CChina
32%
IMIlhas Malvinas
29%
GGibraltar
28%
IVBIlhas Virgens Britanicas
26%
AAlemanha
23%
BBermudas
23%
HHonduras
22%
SHSanta Helena
22%
ICIlhas Cayman
20%
GGrécia
18%
EEspanha
17%
ITCIlhas Turcas e Caicos
15%
MMontserrat
15%
NNicarágua
15%
PPalestina
15%
SSeicheles
14%
AAnguilla
12%
IPIlhas Pitcairn
12%
TBOITerritorio Britanico do Oceano Indico
12%
AAscensao
11%
TTTrindad e Tobago
11%
ZZanzibar
11%
TDCTristão da Cunha
9%
AAntartica
5%
IGSSIlhas Georgia e Sandwich do Sul
5%
GGranadinas
0%

Distribuição das Pontuações

Percentil de Números Respondidos

Porcentagem de Pessoas com Cada Pontuação

Sua Pontuação Histórica

Você não jogou esse quiz